Women and the Economy : (Record no. 16802)
[ view plain ]
| 000 -LEADER | |
|---|---|
| fixed length control field | 01330cam a2200337 a 4500 |
| 001 - CONTROL NUMBER | |
| control field | 15557863 |
| 005 - DATE AND TIME OF LATEST TRANSACTION | |
| control field | 20090323130621.0 |
| 008 - FIXED-LENGTH DATA ELEMENTS--GENERAL INFORMATION | |
| fixed length control field | 081215s2010 maua b 001 0 eng |
| 020 ## - INTERNATIONAL STANDARD BOOK NUMBER | |
| International Standard Book Number | 9780321410948 |
| 020 ## - INTERNATIONAL STANDARD BOOK NUMBER | |
| International Standard Book Number | 0321410947 |
| 035 ## - SYSTEM CONTROL NUMBER | |
| System control number | (OCoLC)ocn288375783 |
| 035 ## - SYSTEM CONTROL NUMBER | |
| System control number | (OCoLC)288375783 |
| 040 ## - CATALOGING SOURCE | |
| Original cataloging agency | DLC |
| Transcribing agency | DLC |
| Modifying agency | YDX |
| -- | YDXCP |
| -- | DLC |
| 082 00 - DEWEY DECIMAL CLASSIFICATION NUMBER | |
| Classification number | 306.3615 |
| Edition number | 22 |
| Item number | HOF |
| 100 1# - MAIN ENTRY--PERSONAL NAME | |
| Personal name | Hoffman, Saul D., |
| Dates associated with a name | 1949- |
| 9 (RLIN) | 30260 |
| 245 10 - TITLE STATEMENT | |
| Title | Women and the Economy : |
| Remainder of title | Family, Work, and Pay / |
| Statement of responsibility, etc | Saul D. Hoffman, Susan L. Averett. |
| 250 ## - EDITION STATEMENT | |
| Edition statement | 2nd ed. |
| 260 ## - PUBLICATION, DISTRIBUTION, ETC. (IMPRINT) | |
| Place of publication, distribution, etc | Boston, MA : |
| Name of publisher, distributor, etc | Pearson/Addison-Wesley, |
| Date of publication, distribution, etc | c2010. |
| 300 ## - PHYSICAL DESCRIPTION | |
| Extent | xix, 588 p. : |
| Other physical details | ill. ; |
| Dimensions | 24 cm. |
| 490 1# - Series Statement | |
| Series statement | Addison-Wesley series in economics |
| -- | 30261 |
| 504 ## - BIBLIOGRAPHY, ETC. NOTE | |
| Bibliography, etc | Includes bibliographical references and index. |
| 650 #0 - SUBJECT ADDED ENTRY--TOPICAL TERM | |
| Topical term or geographic name as entry element | Women |
| General subdivision | Economic conditions. |
| 9 (RLIN) | 30262 |
| 650 #0 - SUBJECT ADDED ENTRY--TOPICAL TERM | |
| Topical term or geographic name as entry element | Sex role |
| General subdivision | Economic aspects. |
| 9 (RLIN) | 30263 |
| 650 #0 - SUBJECT ADDED ENTRY--TOPICAL TERM | |
| Topical term or geographic name as entry element | Women |
| General subdivision | Employment. |
| 9 (RLIN) | 30264 |
| 650 #0 - SUBJECT ADDED ENTRY--TOPICAL TERM | |
| Topical term or geographic name as entry element | Sex discrimination against women. |
| 9 (RLIN) | 30265 |
| 653 ## - INDEX TERM--UNCONTROLLED | |
| Resource For college | |
| Arrived date list | June2012 |
| 700 1# - ADDED ENTRY--PERSONAL NAME | |
| Personal name | Averett, Susan. |
| 9 (RLIN) | 30266 |
| 942 ## - ADDED ENTRY ELEMENTS (KOHA) | |
| Source of classification or shelving scheme | Dewey Decimal Classification |
| Item type | Book - Borrowing |
| Withdrawn status | Item status | Source of classification or shelving scheme | Damaged status | Not for loan | Vendor | Home library | Current library | Shelving location | Date acquired | Source of acquisition | Cost, normal purchase price | Serial Enumeration / chronology | Total Checkouts | Total Renewals | Full call number | Barcode | Date last seen | Date last borrowed | Koha item type |
|---|---|---|---|---|---|---|---|---|---|---|---|---|---|---|---|---|---|---|---|
| Dewey Decimal Classification | Baccah | Central Library | Central Library | First floor | 27/06/2012 | 223.00 | 15316 | 1 | 4 | 306.3615 HOF | 000026892 | 15/07/2025 | 27/10/2020 | Book - Borrowing |